| 000 | 01330nam a2200265 a 4500 | ||
|---|---|---|---|
| 001 | ASIN0333731727 | ||
| 005 | 20170105102928.0 | ||
| 008 | 131216s2001 xxu eng d | ||
| 020 |
_a0333731727 (hardcover) _c$137.00 |
||
| 020 | _a9780333731727 (hardcover) | ||
| 040 | _a0 | ||
| 050 | 0 | 4 | _aUA853.P3 |
| 082 | 0 | 4 |
_a355.03355491 _bSID 2003 |
| 100 | 1 | _aSiddiqa-Agha, Ayesha. | |
| 245 | 1 | 0 |
_aPakistan's arms procurement and military build-up 1979-99 : _bin search of a policy / _cAyesha Siddiqa-Agha. |
| 260 |
_a[S.l.] : _bSang-e-Meel Publications, _c2003. |
||
| 300 | 3 | 1 |
_a 2p. ; _c22 cm. |
| 520 | _aThis book presents a fundamental departure in presenting an analysis of the internal dynamics of defense management and decision-making in Pakistan--a new nuclear weapon state. This is an in-depth study of Pakistan's security link with its arms suppliers and defense industrial capacity, and the influence of Pakistan's army on conventional and unconventional defense decisions. The analysis is backed with numerous case studies of defense decisions carried out from 1979-99. | ||
| 650 | 0 | _aArmed Forces--Procurement | |
| 650 | 0 | _aDefense industries | |
| 650 | 0 | _aMilitary policy | |
| 650 | 0 | _aPakistan | |
| 856 | 4 | 0 |
_3Amazon.com _uhttp://www.amazon.com/exec/obidos/ASIN/0333731727/chopaconline-20 |
| 942 |
_2ddc _cBK |
||
| 999 |
_c15933 _d15933 |
||